MDQL
is popping MORE tags! Check the
thread
!
Quizzes
Events
Quiz Creation
Community
Videos
Private Events
Remove Ads
Sign In
Join for FREE
Feedback
Dark Mode
Quiz Categories
Sports
Geography
Music
Movies
Television
Just For Fun
Miscellaneous
History
Literature
Language
Science
Gaming
Entertainment
Religion
Holiday
For Kids
Quiz Lab
Recent
Popular Today
Quiz Kudos Today
Editor Picks
Curator Picks
Quizzes by...
Day
Popularity
Type
Ratings
Length
Year
Community
Subscriptions
Recent Discussions
Orange Saloon
Badges
Playlists
Quests
Create
Leaderboards
Showdown
Live 5
Trivia Bingo
Activity
Puzzle Library
Sporcle Events
Private Events
Virtual Trivia
Globe League
Become a Host
Pub Owners
SporcleCon
Opinionation
Our Games
Videos
Blog
Mobile Apps
Partnerships
Remove Ads and Go Orange
Feedback
Science
Computer
Plants
Astronomy
Chemistry
Elements
Math
Animal
Physics
Anatomy
Biology
Geology
General Science
Science
Computer
Plants
Astronomy
Chemistry
Elements
Math
Animal
Physics
Anatomy
Biology
Geology
General Science
Random Quiz
Search Sporcle
×
Quiz Lab
Quiz Lab
Science
muscle
Type in answers that appear in a list
Type in answers that appear in a list
Classic
Best Score? Go Orange.
Cat Ventral Muscles Stats
Can you name the cat ventral muscles?
By
sw326108
10m
17 Questions
209 Plays
209 Plays
209 Plays
Comments
Comments
Give Quiz Kudos
Give Quiz Kudos
-
- Ratings
hide this ad
Forced Order
Answers have to be entered in order
Answers have to be entered in order
Random Order
Randomize order of answers
Randomize order of answers
Replay
Link that replays current quiz
Next Quiz
Link to next quiz in quiz playlist
You Got
0%
They Got
Avg Score
25%
Avg Friend Score
Upgrade to see
Score Distribution
Jump to the score distribution portion of the page
Score
0/17
Timer
10:00
0
Plays Today
Muscle
% Correct
9
Xiphihumeral
49.8%
2
Digastric
47.8%
3
Sternomastoid
45.9%
1
Mylohyoid
43.1%
16
Sternohyoid
38.8%
12
Serratus ventralis
37.3%
11
Rectus Abdominis
34.4%
10
External oblique
32.5%
15
Sternothyroid
23%
Muscle
% Correct
17
Thyrohyoid
20.1%
13
Scalenus
14.8%
6
Pectoralis descendens
9.6%
7
Pectoralis transversus
9.6%
8
Pectoralis profundus
9.6%
4
Cleidocervical
7.2%
5
Cleidobranchial
4.8%
14
Rectus thoracis
3.3%
Quiz Playlist
Details
Report
Send in Message
Add To Playlist
Classic:
Type in answers that appear in a list
Forced Order:
Answers have to be entered in order
Random Order:
Randomize order of answers
Last Updated: Feb 16, 2017
Quiz Scoreboard
CHALLENGE
Sign Up to Join the Scoreboard
Show All
Scores
Hide
Comments
May contain spoilers
Recently Published
Colored Red Africa Blitz
by spor1
Geography
30s
Find the 'City' Movie
by crazypaving
Movies
60s
5x2 Blitz: Bands
by SL_Kpop136
Music
30s
More to Explore
Quiz From the Vault
Featured Blog Post
14 Easter Pick-up Lines to Find Eggs With
hide this ad
You Might Also Like...
Tags
cat
muscle
Today's Top Quizzes in Science
Browse Science
hide this ad
Today's Top Quizzes in muscle
Browse muscle
Top Contributed Quizzes in Science
1
Windmill: Elements
2
200 Vogels in Nederland
3
Square Numbers Scrambled (1-50)
4
Count to 60
5
Glycolysis
6
Elements In Images
7
17 TIMES TABLE
8
4-letter Elementary Words III
9
The First 100 Digits of Pi
10
Astronomy Spelling Bee
Explore More
Trending Topics
NBA
Anime
Kpop
Disney
Marvel
Harry Potter
Crossword
NFL
Country
Pokémon
The Office
WWE
Soccer
Song
Puzzle
hide this ad
More By:
sw326108
Quiz
Plays
Rating
Category
Featured
Created
Cat Ventral Muscles
209
Science
Feb 2, 2012
Cat dorsal muscles
174
Science
Feb 2, 2012
Cat thigh muscles ventral
101
Science
Feb 2, 2012
Cat Lateral Deep Muscles
38
Science
Feb 2, 2012
Go to Creator's Profile
Score Distribution
Quiz Creator Spotlight
sw326108
Follow
Send a Message
Quizzes Created
-
Created Quiz Play Count
-
More By This Creator
Popular Quizzes Today
1
Colored Red Africa Blitz
2
Find the US States - No Outlines Minefield
3
Find the 'City' Movie
4
5x2 Blitz: Bands
5
The Countries of the World
6
Find the US States
7
Find the Countries of Europe - No Outlines Minefield
8
US States
More Science Quizzes
Over the Counter Medicines by Active Ingredients
Editor's Pick
Trending Quizzes
Colored Red Europe Blitz I
Colored Red Europe Blitz II
Colored Red Africa Blitz II
Colored Red Europe Blitz III
Colored Red Africa Blitz III
Recently Updated
How Do You Spell That?
pecheneg
Godzilla Movies
pecheneg
Grab Bag: 4-10 Letters
pecheneg
2024 March Madness Bracket
pecheneg
Famous TV Couples
Peacemaker
Champions League XIs: Real Madrid
pecheneg
Largest US Cities 1790-2010
pecheneg
Rides in Walt Disney World
pecheneg
Most Oscar Losses (Acting)
pecheneg
Beyoncé Albums
pecheneg
Trending Topics
Crossword
Anime
Disney
Harry Potter
NBA
Kpop
Marvel
Puzzle
The Office
WWE
NFL
Country
Soccer
Song
Pokémon
Your Account Isn't Verified!
In order to create a playlist on Sporcle, you need to verify the email address you used during registration. Go to your
Sporcle Settings
to finish the process.
Report this User
Report this user for behavior that violates our
Community Guidelines
.
Details:
Send Report
Go to the Sporcle.com Mobile Site →
Comments